<?xml version="1.0" encoding="UTF-8"?>
<marc:record xmlns:marc="http://www.loc.gov/MARC21/slim">
   <marc:leader>00000nam a2200000 a 4500</marc:leader>
   <marc:datafield ind1="1" ind2=" " tag="100">
      <marc:subfield code="a">Maier, Lilly</marc:subfield>
      <marc:subfield code="4">aut</marc:subfield>
      <marc:subfield code="e">Verfasser/-in</marc:subfield>
   </marc:datafield>
   <marc:datafield ind1=" " ind2=" " tag="653">
      <marc:subfield code="a">Holocaust / Biografie</marc:subfield>
   </marc:datafield>
   <marc:datafield ind1="0" ind2="0" tag="245">
      <marc:subfield code="a">Arthur und Lilly</marc:subfield>
   </marc:datafield>
   <marc:datafield ind1="0" ind2="0" tag="245">
      <marc:subfield code="b">das Mädchen und der Holocaust-Überlebende : zwei Leben - eine Geschichte</marc:subfield>
   </marc:datafield>
   <marc:datafield ind1="0" ind2="0" tag="245">
      <marc:subfield code="c">Maier, Lilly</marc:subfield>
   </marc:datafield>
   <marc:datafield ind1=" " ind2="1" tag="264">
      <marc:subfield code="a">München</marc:subfield>
      <marc:subfield code="b">Wilhelm Heyne Verlag</marc:subfield>
   </marc:datafield>
   <marc:datafield ind1="1" ind2=" " tag="520">
      <marc:subfield code="a">"Ich hatte ein tolles Leben", erzählt Arthur Kern und meint seine Kindheit in Wien - bis zu jenem Moment, als er 1939, gerade mal zehn Jahre alt, jäh von seiner Familie getrennt wird. In der Hoffnung, ihn vor dem Holocaust zu bewahren, schicken ihn seine jüdischen Eltern mit einem Kindertransport in die Fremde  ein traumatisches Erlebnis für den Zehnjährigen. Zwar kann er sich über Frankreich nach Amerika retten, doch seine Familie wird er nicht mehr wiedersehen. &#xD;
 &#xD;
60 Jahre später: Bei einem Besuch der Wiener Wohnung seiner Kindertage lernt Arthur die elfjährige Lilly Maier kennen. Eine schicksalhafte Begegnung für beide, die nicht nur Lillys weiteres Leben prägt, sondern auch dazu führt, dass Arthur ein spätes Vermächtnis seiner Eltern zuteil wird</marc:subfield>
   </marc:datafield>
   <marc:datafield ind1=" " ind2=" " tag="020">
      <marc:subfield code="a">9783453202825</marc:subfield>
      <marc:subfield code="9">9783453202825</marc:subfield>
   </marc:datafield>
   <marc:datafield ind1=" " ind2=" " tag="020">
      <marc:subfield code="a">3453202821</marc:subfield>
      <marc:subfield code="9">3453202821</marc:subfield>
   </marc:datafield>
   <marc:datafield ind1=" " ind2=" " tag="041">
      <marc:subfield code="a">ger</marc:subfield>
   </marc:datafield>
   <marc:datafield ind1=" " ind2=" " tag="300">
      <marc:subfield code="b">Illustrationen</marc:subfield>
   </marc:datafield>
   <marc:datafield ind1=" " ind2=" " tag="338">
      <marc:subfield code="a">Band</marc:subfield>
   </marc:datafield>
   <marc:datafield ind1=" " ind2=" " tag="300">
      <marc:subfield code="a">384 Seiten</marc:subfield>
   </marc:datafield>
</marc:record>
